| 000 | 00472nam a2200193Ia 4500 | ||
|---|---|---|---|
| 003 | OSt | ||
| 005 | 20230301142728.0 | ||
| 008 | 210210b xxu||||| |||| 00| 0 eng d | ||
| 040 | _cAL | ||
| 082 | _a381/200 BHAC | ||
| 100 |
_aBHAR, B K _973735 |
||
| 245 | _aCost accounting: Methods and Problems | ||
| 260 |
_aCalcutta _bAcademic Publishers |
||
| 650 |
_aCost _973736 |
||
| 650 |
_aaccounting _973737 |
||
| 690 |
_aCommerce _973738 |
||
| 906 | _a036500 | ||
| 942 |
_2ddc _cBK |
||
| 999 |
_c119977 _d119977 |
||